| 000 | 00466nam a2200157Ia 4500 | ||
|---|---|---|---|
| 008 | 131103s9999 xx 000 0 und d | ||
| 040 | _aLoreto College | ||
| 041 | _aEnglish | ||
| 082 |
_a891.44/BAN _bLCLIB/BnSem/39357 |
||
| 100 | _aBanerjee, Srikumar | ||
| 245 |
_aBangasahityey uponaser dhara _cSrikumar Banerjee |
||
| 260 |
_aCalcutta _bModern Book Agency _c1996 |
||
| 300 |
_a844p _c 22cm |
||
| 650 | _aBengali Literature - History and Criticism | ||
| 942 | _cBK | ||
| 999 |
_c19890 _d70369 |
||